Cartas eclesiásticas de D. Joaquín Lorenzo Villanueva al doctor D. Guillermo Díaz Luzeredi : (Record no. 167583)

MARC details
000 -LEADER
campo de control de longitud fija 01492nam a2200301 i 4500
001 - NÚMERO DE CONTROL
campo de control 167583
003 - IDENTIFICADOR DE NÚMERO DE CONTROL
campo de control ES-MaACL
005 - FECHA Y HORA DE LA ÚLTIMA TRANSACCIÓN
campo de control 20250813044446.0
008 - DATOS DE LONGITUD FIJA--INFORMACIÓN GENERAL
campo de control de longitud fija 931025s1794 sp |||| |dspa d
100 1# - ENTRADA PRINCIPAL--NOMBRE DE PERSONA
Nombre de persona Villanueva, Joaquín Lorenzo,
Fechas asociadas al nombre 1757-1837
9 (RLIN) 115023
245 10 - MENCIÓN DEL TÍTULO
Título Cartas eclesiásticas de D. Joaquín Lorenzo Villanueva al doctor D. Guillermo Díaz Luzeredi :
Resto del título en defensa de las leyes que autorizan ahora al pueblo para que lea en su lengua la Sagrada Escritura /
Mención de responsabilidad, etc. va al principio una carta del Rmo. P. Felipe Scio de S. Miguel, maestro del Príncipe... à este mismo propòsito.
260 ## - PUBLICACIÓN, DISTRIBUCIÓN, ETC.
Lugar de publicación, distribución, etc. Madrid :
Nombre del editor, distribuidor, etc. en la Imprenta Real, regente D. Lázaro Gayguer,
Fecha de publicación, distribución, etc. 1794.
300 ## - DESCRIPCIÓN FÍSICA
Extensión [2], XLVIII, 243 p., [1] en bl. ;
Dimensiones 8º.
530 ## - NOTA DISPONIBLE DE FORMULARIO FÍSICO ADICIONAL
Nota de formato físico adicional disponible Disponible en formato digital.
594 ## - Nota al título y mención de responsabilidad
Nota al título y mención de responsabilidad Guillermo Díaz Luzeredi: seud. de Miguel Elizalde Urdiroz.
597 ## - NOTA DE DESCRIPCIÓN FÍSICA
NOTA DE DESCRIPCIÓN FÍSICA Sign.: [ ]1, a-c8, a-p8, q2.
597 ## - NOTA DE DESCRIPCIÓN FÍSICA
NOTA DE DESCRIPCIÓN FÍSICA Port. con esc. xil.
630 07 - PUNTO DE ACCESO ADICIONAL DE MATERIA--TÍTULO UNIFORME
Título uniforme Biblia-
Subdivisión general Traducciones al español.
9 (RLIN) 155488
700 1# - ENTRADA AGREGADA--NOMBRE PERSONAL
Nombre de persona Díaz Luzeredi, Guillermo.
9 (RLIN) 173619
700 1# - ENTRADA AGREGADA--NOMBRE PERSONAL
Nombre de persona Scio de San Miguel, Felipe,
Fechas asociadas al nombre 1738-1796
9 (RLIN) 104930
700 1# - ENTRADA AGREGADA--NOMBRE PERSONAL
Nombre de persona Gayguer, Lázaro
9 (RLIN) 127269
710 2# - ENTRADA AGREGADA--NOMBRE DE ENTIDAD CORPORATIVA
Nombre de entidad corporativa o nombre de jurisdicción como elemento de entrada Imprenta Real (Madrid)
9 (RLIN) 134468
852 4# - LOCALIZACIÓN
Ubicación ES-MaACL
Número de control de estantería R-340
Signatura antigua Olim: D-1176
Encuadernación Encuadernación pasta española
itemnumber 174052
Nota libre Cambio de signatura a R-340
856 4# - LOCALIZACIÓN Y ACCESO ELECTRÓNICOS
Identificador Uniforme de Recursos <a href="http://bdh-rd.bne.es/viewer.vm?id=0000110963&page=1 ">http://bdh-rd.bne.es/viewer.vm?id=0000110963&page=1 </a>
Nota pública Biblioteca Digital Hispánica
942 ## - ELEMENTOS DE ENTRADA SECUNDARIOS (KOHA)
Fuente del sistema de clasificación o colocación Clasificación decimal universal
Holdings
Estatus retirado Estado de pérdida Estado de daño No para préstamo Colección Biblioteca de origen Biblioteca actual Ubicación en estantería Fecha de adquisición Fuente de adquisición Total de préstamos Signatura topográfica completa Código de barras Visto por última vez Precio de reemplazo Tipo de ítem Koha
        Colección digital Biblioteca del Ateneo de Madrid Biblioteca del Ateneo de Madrid Depósito 17/01/2008     R-340 1175814 23/02/2023 23/02/2023 Libro impreso antiguo